000 00261nam a2200109Ia 4500
008 230822s1999 xx 000 0 und d
041 _aeng
100 _aNARAYAN R.K.
245 _aWAITING FOR THE MAHATMA.
260 _bINDIA THOUGHT PUB.
_c1999
300 _a256
999 _c856980
_d856980